[Event "Budapest One Week IM-B 02"]
[Site "Budapest"]
[Date "2024.02.26"]
[Round "1"]
[White "Golis, Wiktor"]
[Black "Haszon, David"]
[Result "1-0"]
[WhiteElo "2086"]
[BlackElo "2245"]
[PlyCount "79"]
[EventDate "2024.02.26"]
[EventType "tourn"]
[EventRounds "9"]
[EventCountry "HUN"]
[EventCategory "1"]
[SourceTitle "CB11_2024"]
[SourceDate "2024.03.13"]
[SourceVersion "1"]
[SourceVersionDate "2024.03.13"]
[SourceQuality "1"]

1. e4 c5 2. Nf3 Nc6 3. Bb5 Qb6 4. Nc3 e6 5. Bxc6 Qxc6 6. 0-0 a6 7. d4 cxd4 8. Nxd4 Qc4 9. Bg5 f6 10. Be3 b5 11. a3 Bb7 12. Qd2 Ne7 13. Rad1 Rd8 14. f4 Qc8 15. Qe2 Nc6 16. Qh5+ g6 17. Qh4 Bg7 18. f5 0-0 19. Nxc6 Qxc6 20. fxg6 hxg6 21. Qg3 Kf7 22. Rd6 Qc7 23. Rfd1 Bc6 24. e5 fxe5 25. R6d2 d5 26. Bc5 d4 27. Rf1+ Bf6 28. Rdf2 Kg7 29. Ne2 Rf7 30. Bxd4 Be4 31. Rxf6 Rxf6 32. Qxe5 Qxe5 33. Bxe5 Bf5 34. g4 Rd2 35. Nd4 Kf7 36. g5 Rxd4 37. Bxd4 e5 38. gxf6 exd4 39. Rd1 Kxf6 40. Rxd4 1-0

[Event "Prague op 22nd"]
[Site "Prague"]
[Date "2024.01.09"]
[Round "6"]
[White "Golis, Wiktor"]
[Black "Zielonka, Adam"]
[Result "1-0"]
[WhiteElo "2123"]
[BlackElo "1966"]
[PlyCount "67"]
[EventDate "2024.01.05"]
[EventType "swiss"]
[EventRounds "9"]
[EventCountry "CZE"]
[SourceTitle "CB03_2024"]
[SourceDate "2024.01.17"]
[SourceVersion "1"]
[SourceVersionDate "2024.01.17"]
[SourceQuality "1"]

1. d4 Nf6 2. c4 e6 3. Nf3 Bb4+ 4. Bd2 Qe7 5. e3 Bxd2+ 6. Qxd2 d6 7. Nc3 0-0 8. Bd3 e5 9. Bc2 c6 10. 0-0 Bg4 11. Ne1 Re8 12. f3 Be6 13. b3 exd4 14. exd4 c5 15. d5 Bd7 16. Nd3 Qe3+ 17. Qxe3 Rxe3 18. Kf2 Re8 19. g4 h6 20. Nf4 g5 21. Nfe2 Kf8 22. Ng3 Ke7 23. Rae1+ Kd8 24. Nce4 Nxe4+ 25. Nxe4 Kc7 26. Nf6 Rxe1 27. Rxe1 Kd8 28. Bf5 Bxf5 29. Re8+ Kc7 30. gxf5 a5 31. Re7+ Kb6 32. Rxf7 a4 33. Ne4 axb3 34. axb3 1-0

[Event "Prague op 22nd"]
[Site "Prague"]
[Date "2024.01.07"]
[Round "4"]
[White "Golis, Wiktor"]
[Black "Lilliehook, Victor"]
[Result "0-1"]
[WhiteElo "2123"]
[BlackElo "1934"]
[PlyCount "106"]
[EventDate "2024.01.05"]
[EventType "swiss"]
[EventRounds "9"]
[EventCountry "CZE"]
[SourceTitle "CB03_2024"]
[SourceDate "2024.01.17"]
[SourceVersion "1"]
[SourceVersionDate "2024.01.17"]
[SourceQuality "1"]

1. e4 e5 2. Nf3 Nc6 3. Bb5 a6 4. Ba4 Nf6 5. 0-0 b5 6. Bb3 Bc5 7. a4 Rb8 8. axb5 axb5 9. Nxe5 Nxe5 10. d4 Bxd4 11. Qxd4 d6 12. f4 Nc6 13. Qc3 Ne7 14. e5 Ne4 15. Qe1 d5 16. Nd2 Bf5 17. Nxe4 Bxe4 18. Be3 0-0 19. Bc5 Re8 20. Rd1 Nf5 21. g4 Nh4 22. Qg3 h5 23. h3 hxg4 24. hxg4 Re6 25. Rd2 Rh6 26. Rh2 Ra8 27. f5 Ra1 28. Kf2 Rxf1+ 29. Kxf1 Qg5 30. Bf2 Nf3 31. Rxh6 Qxh6 32. e6 fxe6 33. fxe6 Qxe6 34. Qf4 Qxg4 35. Qxc7 Nd2+ 36. Ke1 Nxb3 37. cxb3 Bd3 38. Qe5 Qb4+ 39. Qc3 Qe4+ 40. Kd2 Qe2+ 41. Kc1 Qxf2 42. Qxd3 Qe1+ 43. Kc2 Qe4 44. Qxe4 dxe4 45. Kc3 Kf7 46. Kd4 Ke6 47. Kxe4 b4 48. Kf4 Kd5 49. Ke3 g5 50. Kd3 g4 51. Ke3 g3 52. Kf3 Kd4 53. Kxg3 Kd3 0-1

[Event "POL-ch sf"]
[Site "Karpacz"]
[Date "2023.12.05"]
[Round "2"]
[White "Golis, Wiktor"]
[Black "Luberanski, Jakub"]
[Result "1-0"]
[WhiteElo "1977"]
[BlackElo "2288"]
[PlyCount "83"]
[EventDate "2023.12.04"]
[EventType "swiss"]
[EventRounds "9"]
[EventCountry "POL"]
[SourceTitle "CB50_2023"]
[SourceDate "2023.12.13"]
[SourceVersion "1"]
[SourceVersionDate "2023.12.13"]
[SourceQuality "1"]

1. e4 e6 2. d4 d5 3. e5 c5 4. c3 Nc6 5. Nf3 Qb6 6. Bd3 cxd4 7. 0-0 Bd7 8. Re1 Nge7 9. h4 h6 10. h5 Rc8 11. Nbd2 dxc3 12. bxc3 Na5 13. Rb1 Qd8 14. Nb3 Nc4 15. Qe2 b6 16. Nfd2 Qc7 17. Nd4 Nc6 18. Nb5 Qb8 19. Bxc4 a6 20. Nd6+ Bxd6 21. exd6 dxc4 22. Nxc4 b5 23. Qg4 Kf8 24. Re3 Rg8 25. Rg3 f5 26. Qh4 Be8 27. Bxh6 Qa7 28. Nb6 Rd8 29. d7 Rxd7 30. Nxd7+ Qxd7 31. Be3 Qe7 32. Bg5 Qf7 33. h6 Rh8 34. Rh3 Kg8 35. Qg3 Qg6 36. Bf4 gxh6 37. Qxg6+ Bxg6 38. Rxh6 Rxh6 39. Bxh6 Ne7 40. c4 bxc4 41. Rb7 Kf7 42. Bg5 1-0

[Event "EU-ch U12 31st"]
[Site "Mamaia"]
[Date "2023.09.06"]
[Round "2"]
[White "Golis, Wiktor"]
[Black "Mukazhanov, Mansur"]
[Result "1-0"]
[WhiteElo "2053"]
[BlackElo "1761"]
[PlyCount "57"]
[EventDate "2023.09.05"]
[EventType "swiss"]
[EventRounds "9"]
[EventCountry "ROU"]
[SourceTitle "EXT 2024"]
[Source "ChessBase"]
[SourceDate "2023.10.10"]
[SourceVersion "1"]
[SourceVersionDate "2023.10.10"]
[SourceQuality "1"]

1. d4 Nf6 2. c4 g6 3. Nc3 Bg7 4. e4 d6 5. h3 0-0 6. Be3 Nc6 7. d5 Nb8 8. f4 e5 9. dxe6 fxe6 10. g4 b6 11. Bg2 Bb7 12. Nge2 Nbd7 13. Ng3 Rb8 14. 0-0 Ne8 15. g5 Qe7 16. Qc2 d5 17. exd5 exd5 18. Nxd5 Bxd5 19. Bxd5+ Kh8 20. Rae1 Qb4 21. Re2 Nd6 22. a3 Qa5 23. Bd2 Qc5+ 24. Kh2 Nf5 25. Bb4 Qd4 26. Bc3 Qc5 27. Nxf5 gxf5 28. Bxg7+ Kxg7 29. Qc3+ 1-0

[Event "POL-ch Blitz U18"]
[Site "Bydgoszcz"]
[Date "2023.08.31"]
[Round "9"]
[White "Pekala, Dawid"]
[Black "Golis, Wiktor"]
[Result "1/2-1/2"]
[WhiteElo "1354"]
[BlackElo "2088"]
[PlyCount "63"]
[EventDate "2023.08.28"]
[EventType "swiss"]
[EventRounds "10"]
[EventCountry "POL"]
[SourceTitle "EXT 2024"]
[Source "ChessBase"]
[SourceDate "2023.10.10"]
[SourceVersion "1"]
[SourceVersionDate "2023.10.10"]
[SourceQuality "1"]

1. e4 c6 2. Nf3 d5 3. Nc3 Bg4 4. h3 Bxf3 5. Qxf3 e6 6. d3 Nd7 7. Be2 Ngf6 8. 0-0 Bd6 9. Bg5 Qc7 10. d4 dxe4 11. Nxe4 Nxe4 12. Qxe4 h6 13. Be3 0-0 14. c3 Rae8 15. Qc2 Nf6 16. Bd3 Nd5 17. Bd2 Bf4 18. Rfe1 c5 19. dxc5 Qxc5 20. Bxf4 Nxf4 21. Be4 b6 22. Rad1 Rd8 23. Rxd8 Rxd8 24. Rd1 Qc7 25. Rd2 g6 26. Bf3 e5 27. Qd1 Rxd2 28. Qxd2 Ne6 29. b3 Nc5 30. Bd5 Kg7 31. c4 Qd6 32. Qe3 1/2-1/2

[Event "POL-ch Rapid U18"]
[Site "Bydgoszcz"]
[Date "2023.08.30"]
[Round "9"]
[White "Boryna, Szymon"]
[Black "Golis, Wiktor"]
[Result "0-1"]
[WhiteElo "1689"]
[BlackElo "1848"]
[PlyCount "123"]
[EventDate "2023.08.28"]
[EventType "swiss"]
[EventRounds "11"]
[EventCountry "POL"]
[SourceTitle "EXT 2024"]
[Source "ChessBase"]
[SourceDate "2023.10.10"]
[SourceVersion "1"]
[SourceVersionDate "2023.10.10"]
[SourceQuality "1"]

1. c4 e6 2. Nc3 d5 3. e3 Nf6 4. Nf3 a6 5. a3 dxc4 6. Bxc4 b5 7. Be2 Bb7 8. b4 c5 9. bxc5 Bxc5 10. d4 Be7 11. 0-0 Nbd7 12. Bb2 0-0 13. Qd2 Rc8 14. Rac1 Qb6 15. Rfd1 Rfd8 16. Qc2 h6 17. Qb3 Bd6 18. Ne1 Rb8 19. Bf3 Bxf3 20. Nxf3 Qb7 21. Re1 e5 22. dxe5 Nxe5 23. Nxe5 Bxe5 24. Ne2 Bxb2 25. Qxb2 Rbc8 26. Nd4 Rxc1 27. Rxc1 Rc8 28. Rc2 Rxc2 29. Qxc2 Ne4 30. f3 Nd6 31. Qc5 Nc4 32. Nc6 g6 33. Ne7+ Kh7 34. Nd5 Qb8 35. Qe7 Kg8 36. Nf6+ Kg7 37. Ne8+ Kg8 38. Nc7 Qb6 39. Qd8+ Kh7 40. Qe7 Qxe3+ 41. Qxe3 Nxe3 42. Nxa6 Nc2 43. Kf2 Nxa3 44. Ke2 g5 45. Kd3 Kg6 46. Nb4 f5 47. Nd5 Kf7 48. Nb4 Nc4 49. Kd4 f4 50. Nd3 Nd2 51. Kc5 Nf1 52. h3 Ne3 53. Ne1 Kg6 54. h4 Kh5 55. hxg5 hxg5 56. Kd4 Kh4 57. g4 Kg3 58. Ke4 b4 59. Nd3 b3 60. Nb2 Nf1 61. Nc4 Nh2 62. Nd2 0-1

[Event "POL-ch Rapid U18"]
[Site "Bydgoszcz"]
[Date "2023.08.29"]
[Round "2"]
[White "Golis, Wiktor"]
[Black "Jasiulewicz, Kamil"]
[Result "1-0"]
[WhiteElo "1848"]
[BlackElo "1282"]
[PlyCount "35"]
[EventDate "2023.08.28"]
[EventType "swiss"]
[EventRounds "11"]
[EventCountry "POL"]
[SourceTitle "EXT 2024"]
[Source "ChessBase"]
[SourceDate "2023.10.10"]
[SourceVersion "1"]
[SourceVersionDate "2023.10.10"]
[SourceQuality "1"]

1. e4 e5 2. Nf3 Nc6 3. Bb5 d6 4. d4 exd4 5. Nxd4 Bd7 6. 0-0 Nxd4 7. Bxd7+ Qxd7 8. Qxd4 Nf6 9. Nc3 Be7 10. Bg5 0-0 11. Rae1 a6 12. e5 Ne8 13. Bf4 Rd8 14. Rd1 Qc6 15. Nd5 Rd7 16. exd6 Bxd6 17. Bxd6 Rxd6 18. Ne7+ 1-0

[Event "POL-ch Rapid U18"]
[Site "Bydgoszcz"]
[Date "2023.08.29"]
[Round "4"]
[White "Golis, Wiktor"]
[Black "Mroczkowski, Adam"]
[Result "1-0"]
[WhiteElo "1848"]
[BlackElo "1513"]
[PlyCount "69"]
[EventDate "2023.08.28"]
[EventType "swiss"]
[EventRounds "11"]
[EventCountry "POL"]
[SourceTitle "EXT 2024"]
[Source "ChessBase"]
[SourceDate "2023.10.10"]
[SourceVersion "1"]
[SourceVersionDate "2023.10.10"]
[SourceQuality "1"]

1. d4 d5 2. c4 c6 3. cxd5 cxd5 4. Bf4 Nc6 5. e3 Bf5 6. Qb3 Qb6 7. Qxb6 axb6 8. Nc3 e6 9. Bb5 Bb4 10. Nf3 Nf6 11. 0-0 0-0 12. Rfc1 Rfc8 13. a3 Bf8 14. h3 h6 15. Kf1 Ra5 16. Nd2 Rxb5 17. Nxb5 Bd3+ 18. Ke1 Bxb5 19. Rc3 Ra8 20. Rb3 Ra6 21. Rxb5 Nb4 22. Ke2 Nc6 23. Rc1 Nd7 24. Bh2 f5 25. Nf3 g5 26. Ne5 Ndxe5 27. Bxe5 f4 28. Bc7 Bg7 29. Rxb6 Ra7 30. Bb8 Ra8 31. Rxb7 Na5 32. Rc8+ Kh7 33. Rxg7+ Kxg7 34. Be5+ Kg6 35. Rxa8 1-0

[Event "POL-ch Rapid U18"]
[Site "Bydgoszcz"]
[Date "2023.08.29"]
[Round "6"]
[White "Rozanski, Mateusz"]
[Black "Golis, Wiktor"]
[Result "1/2-1/2"]
[WhiteElo "1932"]
[BlackElo "1848"]
[PlyCount "47"]
[EventDate "2023.08.28"]
[EventType "swiss"]
[EventRounds "11"]
[EventCountry "POL"]
[SourceTitle "EXT 2024"]
[Source "ChessBase"]
[SourceDate "2023.10.10"]
[SourceVersion "1"]
[SourceVersionDate "2023.10.10"]
[SourceQuality "1"]

1. e4 c6 2. d4 d5 3. Nd2 dxe4 4. Nxe4 Nf6 5. Nxf6+ exf6 6. c3 Bd6 7. Bd3 0-0 8. Qc2 Re8+ 9. Ne2 h5 10. Be3 Nd7 11. 0-0-0 b5 12. d5 c5 13. Bxb5 Rb8 14. Bxd7 Bxd7 15. c4 Qa5 16. b3 Be5 17. Bf4 Qa3+ 18. Kd2 Qb4+ 19. Kc1 Qa3+ 20. Kd2 Qb4+ 21. Kc1 Qa3+ 22. Kd2 Qb4+ 23. Kc1 Qa3+ 24. Kd2 1/2-1/2

[Event "POL-ch Rapid U18"]
[Site "Bydgoszcz"]
[Date "2023.08.29"]
[Round "5"]
[White "Witczak, Borys"]
[Black "Golis, Wiktor"]
[Result "0-1"]
[WhiteElo "1776"]
[BlackElo "1848"]
[PlyCount "90"]
[EventDate "2023.08.28"]
[EventType "swiss"]
[EventRounds "11"]
[EventCountry "POL"]
[SourceTitle "EXT 2024"]
[Source "ChessBase"]
[SourceDate "2023.10.10"]
[SourceVersion "1"]
[SourceVersionDate "2023.10.10"]
[SourceQuality "1"]

1. e4 c5 2. Nf3 d6 3. d4 cxd4 4. Nxd4 Nf6 5. Nc3 a6 6. Bg5 Nbd7 7. f4 Qc7 8. Qf3 b5 9. 0-0-0 Bb7 10. Bd3 g6 11. Nd5 Nxd5 12. exd5 Bg7 13. Nc6 Nf6 14. Rhe1 Bxc6 15. dxc6 d5 16. Bxf6 Bxf6 17. Qxd5 Qxf4+ 18. Kb1 Qxh2 19. c7 0-0 20. c3 Qxc7 21. Rh1 Qe5 22. Qb3 Rad8 23. Qc2 Rd6 24. Rde1 Qg3 25. Be4 Rfd8 26. Re2 Qf4 27. Bf3 Qg5 28. a3 a5 29. Qb3 Qc5 30. Rc1 Rb6 31. Qc2 Qg5 32. Rd1 Rxd1+ 33. Qxd1 Kg7 34. Qd8 Qc5 35. Qd5 Qg1+ 36. Ka2 b4 37. cxb4 axb4 38. axb4 Rxb4 39. Qa5 Qd4 40. Qa3 Ra4 41. Qxa4 Qxa4+ 42. Kb1 g5 43. Re4 Qb3 44. Re2 Qb4 45. Ka2 g4 0-1

[Event "POL-ch Rapid U18"]
[Site "Bydgoszcz"]
[Date "2023.08.29"]
[Round "1"]
[White "Wnorowski, Wiktor"]
[Black "Golis, Wiktor"]
[Result "0-1"]
[WhiteElo "1164"]
[BlackElo "1848"]
[PlyCount "78"]
[EventDate "2023.08.28"]
[EventType "swiss"]
[EventRounds "11"]
[EventCountry "POL"]
[SourceTitle "EXT 2024"]
[Source "ChessBase"]
[SourceDate "2023.10.10"]
[SourceVersion "1"]
[SourceVersionDate "2023.10.10"]
[SourceQuality "1"]

1. e4 c6 2. d4 d5 3. exd5 cxd5 4. Nf3 Nc6 5. Bb5 Bg4 6. h3 Bh5 7. Nc3 e6 8. Bf4 Bd6 9. Bg5 Qb6 10. Be3 a6 11. Bxc6+ Qxc6 12. Bd2 Nf6 13. 0-0 Ne4 14. Qe2 Bxf3 15. gxf3 Nxd2 16. Qxd2 0-0 17. Kh1 Qd7 18. f4 Qe7 19. Qe3 f5 20. Rg1 Rf6 21. Rg3 Raf8 22. Rag1 R8f7 23. Ne2 Rh6 24. c3 Kf8 25. R1g2 Ke8 26. Rg1 b5 27. a3 Kd7 28. b4 Qf6 29. R1g2 Rh4 30. Kg1 Qh6 31. Rf3 Rf6 32. Kh2 g5 33. Kg1 gxf4 34. Qd2 Rg6 35. Kh2 Rxh3+ 36. Rxh3 f3+ 37. Ng3 Qxh3+ 38. Kxh3 Rh6+ 39. Nh5 Rxh5# 0-1

[Event "EU-ch U12 31st"]
[Site "Mamaia"]
[Date "2023.08.09"]
[Round "5"]
[White "Kviriashvili, Andria"]
[Black "Golis, Wiktor"]
[Result "1-0"]
[WhiteElo "1795"]
[BlackElo "2053"]
[PlyCount "147"]
[EventDate "2023.09.05"]
[EventType "swiss"]
[EventRounds "9"]
[EventCountry "ROU"]
[SourceTitle "EXT 2024"]
[Source "ChessBase"]
[SourceDate "2023.10.10"]
[SourceVersion "1"]
[SourceVersionDate "2023.10.10"]
[SourceQuality "1"]

1. e4 c6 2. d4 d5 3. Nc3 dxe4 4. Nxe4 Nf6 5. Nxf6+ exf6 6. c3 Bd6 7. Bd3 0-0 8. Qc2 Re8+ 9. Ne2 h5 10. 0-0 h4 11. h3 Nd7 12. Be3 Nf8 13. Rad1 Bd7 14. Rfe1 Rc8 15. Qd2 Ng6 16. d5 c5 17. c4 f5 18. Nf4 Ne5 19. b3 Qf6 20. Be2 g6 21. b4 cxb4 22. c5 Bxc5 23. Bxc5 Rxc5 24. Qxb4 b6 25. Qd4 Qd6 26. Kh1 Kh7 27. Nd3 Rxd5 28. Qxh4+ Kg8 29. Nf4 Rxd1 30. Rxd1 Qe7 31. Qg3 Bc6 32. h4 Rd8 33. Rc1 Rd4 34. Kg1 Qb4 35. Nxg6 Nxg6 36. Rxc6 Qe1+ 37. Bf1 Rg4 38. Rc8+ Kg7 39. Qc3+ Qxc3 40. Rxc3 Nxh4 41. f3 Ra4 42. Bc4 Ra5 43. Bb3 Rc5 44. Rd3 Rc7 45. Rd5 f4 46. Kf2 Ng6 47. g3 fxg3+ 48. Kxg3 Ne7 49. Rd1 b5 50. Rd8 a5 51. Rb8 Nf5+ 52. Kf4 Nd4 53. Bd5 Ne2+ 54. Ke5 Nc3 55. Kd6 Ra7 56. Bb7 Nxa2 57. Kc5 a4 58. Kb6 Rxb7+ 59. Rxb7 Nc3 60. Kc5 a3 61. Ra7 Na4+ 62. Kxb5 Nc3+ 63. Kc4 Ne2 64. Rxa3 Nf4 65. Kd4 Kf6 66. Ke4 Ne6 67. Ra6 Ke7 68. Ke5 f6+ 69. Kf5 Nd4+ 70. Ke4 Ne6 71. Ra7+ Kd6 72. f4 Nc5+ 73. Kf5 Nd3 74. Rf7 1-0

[Event "EU-chT U12"]
[Site "Iasi"]
[Date "2023.07.25"]
[Round "2.2"]
[White "Zakin, Ilay"]
[Black "Golis, Wiktor"]
[Result "1-0"]
[WhiteElo "1945"]
[BlackElo "1941"]
[PlyCount "91"]
[EventDate "2023.07.24"]
[EventType "team-swiss"]
[EventRounds "7"]
[EventCountry "ROU"]
[SourceTitle "CBM 215 Extra"]
[Source "ChessBase"]
[SourceDate "2023.09.30"]
[SourceVersion "1"]
[SourceVersionDate "2023.09.30"]
[SourceQuality "1"]
[WhiteTeam "Israel U12"]
[BlackTeam "Poland U12"]
[WhiteTeamCountry "ISR"]
[BlackTeamCountry "POL"]

1. e4 c6 2. Nc3 d5 3. Nf3 Bg4 4. Be2 e6 5. 0-0 Nd7 6. d4 dxe4 7. Nxe4 Ngf6 8. Bg5 Be7 9. Nxf6+ Nxf6 10. Ne5 Bxe2 11. Qxe2 Qxd4 12. Rad1 Qb4 13. c3 Qa5 14. b4 Qc7 15. Bf4 Qc8 16. Rd3 0-0 17. Rg3 Kh8 18. Rd1 Nd5 19. Qg4 Bf6 20. Bh6 g6 21. Bxf8 Bxe5 22. Bh6 Bxg3 23. hxg3 e5 24. Qh4 Qe6 25. c4 Ne7 26. Rd7 f6 27. Rxb7 g5 28. Bxg5 fxg5 29. Qxg5 Ng6 30. Qh6 Qg8 31. a4 a6 32. Qg5 Rf8 33. Qh6 Rf7 34. Rb6 Qc8 35. Qh3 Rd7 36. Kh2 Nf8 37. Qf5 Qe8 38. Rxc6 Rf7 39. Qc8 Qe7 40. b5 axb5 41. cxb5 Qa7 42. b6 Qb7 43. Qxb7 Rxb7 44. a5 Ng6 45. a6 Ne7 46. Rc8+ 1-0

[Event "Bydgoszcz op-A"]
[Site "Bydgoszcz"]
[Date "2023.06.28"]
[Round "5"]
[White "Golis, Wiktor"]
[Black "Diachek, Andriy"]
[Result "1-0"]
[WhiteElo "1987"]
[BlackElo "2106"]
[PlyCount "81"]
[EventDate "2023.06.24"]
[EventType "swiss"]
[EventRounds "9"]
[EventCountry "POL"]
[SourceTitle "CBM 215 Extra"]
[Source "ChessBase"]
[SourceDate "2023.09.30"]
[SourceVersion "1"]
[SourceVersionDate "2023.09.30"]
[SourceQuality "1"]

1. e4 c5 2. Nf3 d6 3. d4 cxd4 4. Nxd4 Nf6 5. Nc3 a6 6. Bc4 e6 7. Be3 b5 8. Bb3 Bb7 9. f3 Nbd7 10. a3 Rc8 11. g4 Ne5 12. Qe2 Qa5 13. 0-0 Qc7 14. g5 Nfd7 15. f4 Nc4 16. Rae1 Nxb2 17. Nd5 exd5 18. exd5 Kd8 19. Bc1 Qc3 20. Rf3 Qc5 21. Bxb2 Bxd5 22. Bxd5 Qxd5 23. Qd2 Nc5 24. Rfe3 Kd7 25. Qd1 h5 26. Qe2 Ne6 27. Nxe6 fxe6 28. Rxe6 Qc5+ 29. Qe3 Qxe3+ 30. R6xe3 Rxc2 31. Bxg7 Bxg7 32. Re7+ Kc6 33. Rxg7 Rf8 34. Rf1 Kd5 35. f5 Re8 36. Rf2 Rc4 37. f6 Rg4+ 38. Kf1 Rc8 39. Re7 Rc1+ 40. Re1 Rxe1+ 41. Kxe1 1-0

[Event "Bydgoszcz op-A"]
[Site "Bydgoszcz"]
[Date "2023.06.25"]
[Round "2"]
[White "Golis, Wiktor"]
[Black "Sieciechowicz, Marcin"]
[Result "1/2-1/2"]
[WhiteElo "1987"]
[BlackElo "2387"]
[PlyCount "164"]
[EventDate "2023.06.24"]
[EventType "swiss"]
[EventRounds "9"]
[EventCountry "POL"]
[SourceTitle "CBM 215 Extra"]
[Source "ChessBase"]
[SourceDate "2023.09.30"]
[SourceVersion "1"]
[SourceVersionDate "2023.09.30"]
[SourceQuality "1"]

1. e4 e6 2. d4 d5 3. Nd2 c5 4. exd5 Qxd5 5. Ngf3 cxd4 6. Bc4 Qd6 7. 0-0 Nf6 8. Nb3 Nc6 9. Nbxd4 Nxd4 10. Nxd4 Be7 11. c3 0-0 12. Bb3 Bd7 13. Qf3 Qb6 14. Re1 Rfe8 15. Bf4 a5 16. Re2 a4 17. Bc2 a3 18. b3 Nd5 19. Be5 Bf6 20. Rd1 Rad8 21. c4 Bxe5 22. Rxe5 Nf6 23. Rg5 h6 24. Re5 Bc6 25. Nxc6 bxc6 26. Ree1 c5 27. h4 Qb4 28. g4 Rd4 29. g5 Rg4+ 30. Kf1 hxg5 31. hxg5 Rxg5 32. Qe3 Rh5 33. Qg3 Rh1+ 34. Ke2 Rxe1+ 35. Rxe1 Rd8 36. Bd3 Qb8 37. Qg5 Qd6 38. Bc2 Qc7 39. Rg1 Ne8 40. Rh1 Rd4 41. Qh5 Kf8 42. Qg5 f6 43. Qe3 Qf4 44. Rh8+ Ke7 45. Qxf4 Rxf4 46. Bg6 Nc7 47. Rb8 Rg4 48. Rb7 Kd6 49. Bc2 Kc6 50. Ra7 e5 51. Kf3 Rd4 52. Be4+ Kd6 53. Ke3 Rd1 54. Rxa3 Re1+ 55. Kf3 Rg1 56. Ra7 g6 57. Rb7 f5 58. Rb6+ Kd7 59. Bc6+ Ke7 60. Rb7 Kd6 61. Rb6 Ke7 62. Rb7 e4+ 63. Ke2 Kd6 64. Rb6 Ke5 65. Bd7 Ra1 66. Rxg6 Rxa2+ 67. Kf1 Rd2 68. Rg7 Na6 69. Re7+ Kf6 70. Re6+ Kf7 71. Rxa6 Rxd7 72. Rc6 Rb7 73. Rxc5 Ke6 74. Rb5 Rxb5 75. cxb5 f4 76. Ke2 Kd6 77. Kd2 Kc5 78. Kc3 Kxb5 79. Kd4 e3 80. fxe3 fxe3 81. Kxe3 Kb4 82. Kd3 Kxb3 1/2-1/2

[Event "POL-ch sf"]
[Site "Karpacz"]
[Date "2022.12.03"]
[Round "1"]
[White "Golis, Wiktor"]
[Black "Chylewski, Patryk"]
[Result "1/2-1/2"]
[WhiteElo "1795"]
[BlackElo "2291"]
[PlyCount "95"]
[EventDate "2022.12.03"]
[EventType "swiss"]
[EventRounds "9"]
[EventCountry "POL"]
[SourceTitle "CBM 211 Extra"]
[Source "ChessBase"]
[SourceDate "2023.01.31"]
[SourceVersion "1"]
[SourceVersionDate "2023.01.31"]
[SourceQuality "1"]

1. e4 e5 2. Nf3 Nc6 3. Bb5 a6 4. Ba4 Nf6 5. 0-0 Be7 6. Re1 b5 7. Bb3 d6 8. c3 0-0 9. h3 Nb8 10. d4 Nbd7 11. Nbd2 Bb7 12. Bc2 Re8 13. Nf1 Bf8 14. Ng3 g6 15. a4 c5 16. b3 d5 17. Nxe5 Nxe4 18. Nxe4 dxe4 19. Nxd7 Qxd7 20. Be3 Qc6 21. axb5 axb5 22. Rxa8 Bxa8 23. dxc5 Bxc5 24. Qe2 Bf8 25. c4 bxc4 26. bxc4 Bb7 27. Ra1 Bg7 28. Ra5 Rd8 29. Rb5 Ra8 30. Qd2 h5 31. Rb1 Qc7 32. c5 Bc6 33. Qb4 Qe5 34. Qd2 Bf8 35. Qd4 Qxd4 36. Bxd4 Bd5 37. g3 Rc8 38. Bb3 Rb8 39. Bc2 Rc8 40. Bb3 Bc6 41. Be3 Bg7 42. h4 Kf8 43. Bc4 Be5 44. Rb6 Ke7 45. Ra6 Rc7 46. Bg5+ f6 47. Be3 Rc8 48. Ra7+ 1/2-1/2

[Event "EU-ch U10 30th"]
[Site "Antalya"]
[Date "2022.11.13"]
[Round "8"]
[White "Golikov, Ivan"]
[Black "Golis, Wiktor"]
[Result "1/2-1/2"]
[WhiteElo "1412"]
[BlackElo "1870"]
[PlyCount "79"]
[EventDate "2022.11.06"]
[EventType "swiss"]
[EventRounds "9"]
[EventCountry "TUR"]
[SourceTitle "CBM 211 Extra"]
[Source "ChessBase"]
[SourceDate "2023.01.31"]
[SourceVersion "1"]
[SourceVersionDate "2023.01.31"]
[SourceQuality "1"]

1. d4 d5 2. Nf3 e6 3. c4 c6 4. cxd5 exd5 5. Nc3 Bf5 6. Bg5 Be7 7. Bxe7 Qxe7 8. e3 Nf6 9. Bd3 Bxd3 10. Qxd3 Nbd7 11. 0-0 0-0 12. Rab1 Ne4 13. b4 b5 14. Rfc1 f5 15. a4 a6 16. Ne2 Rf6 17. a5 Rh6 18. g3 g5 19. Rb2 Rf8 20. h4 gxh4 21. Nxh4 Qg5 22. Kf1 Rxh4 23. gxh4 Qxh4 24. Ng1 f4 25. exf4 Rxf4 26. Qe3 Ndf6 27. f3 Ng3+ 28. Kg2 Nf5 29. Qe6+ Kg7 30. Ne2 Qg5+ 31. Kf2 Qh4+ 32. Kg2 Nxd4 33. Qe7+ Kg6 34. Nxd4 Rxd4 35. Rg1 Kf5 36. Re2 Qg5+ 37. Kf2 Qh4+ 38. Rg3 Qh2+ 39. Rg2 Qh4+ 40. Rg3 1/2-1/2

[Event "EU-ch U10 30th"]
[Site "Antalya"]
[Date "2022.11.12"]
[Round "7"]
[White "Golis, Wiktor"]
[Black "Vardi, Daniel"]
[Result "1-0"]
[WhiteElo "1870"]
[BlackElo "1557"]
[PlyCount "55"]
[EventDate "2022.11.06"]
[EventType "swiss"]
[EventRounds "9"]
[EventCountry "TUR"]
[SourceTitle "CBM 211 Extra"]
[Source "ChessBase"]
[SourceDate "2023.01.31"]
[SourceVersion "1"]
[SourceVersionDate "2023.01.31"]
[SourceQuality "1"]

1. e4 e5 2. Nf3 Nc6 3. Bb5 d6 4. 0-0 Nf6 5. Re1 Be7 6. c3 0-0 7. h3 Be6 8. d4 exd4 9. cxd4 d5 10. e5 Ne4 11. a3 f5 12. exf6 Rxf6 13. Nc3 Rg6 14. Bxc6 Bxh3 15. Nxe4 dxe4 16. Bxe4 Rxg2+ 17. Kh1 Rxf2 18. Ne5 Be6 19. Qh5 h6 20. Qg6 Bf6 21. Be3 Rxb2 22. Rf1 Bd5 23. Qh7+ Kf8 24. Rxf6+ gxf6 25. Bxh6+ Ke8 26. Rg1 fxe5 27. Rg8+ Bxg8 28. Bg6+ 1-0

[Event "Wch U10"]
[Site "Batumi"]
[Date "2022.09.27"]
[Round "11"]
[White "Golis, Wiktor"]
[Black "Ambartsumian, Tyhran"]
[Result "1-0"]
[WhiteElo "1955"]
[BlackElo "1594"]
[PlyCount "75"]
[EventDate "2022.09.16"]
[EventType "swiss"]
[EventRounds "11"]
[EventCountry "GEO"]
[SourceTitle "EXT 2023"]
[Source "ChessBase"]
[SourceDate "2022.10.05"]
[SourceVersion "1"]
[SourceVersionDate "2022.10.05"]
[SourceQuality "1"]

1. e4 c5 2. Nf3 Nc6 3. Bb5 g6 4. 0-0 Bg7 5. c3 Nf6 6. Re1 0-0 7. d4 d5 8. e5 Ne4 9. Bxc6 bxc6 10. Be3 Rb8 11. Qc1 c4 12. Nbd2 Nxd2 13. Nxd2 Bf5 14. b3 Bd3 15. Qa3 Rb7 16. Qa4 cxb3 17. axb3 Qd7 18. b4 Ra8 19. Qa3 e6 20. Nb3 Bf8 21. Bg5 Qc7 22. Qc1 Rb5 23. Qf4 Bc2 24. Na5 h5 25. h3 Rab8 26. g4 Kh7 27. Re2 Be4 28. Rd2 c5 29. dxc5 Bxc5 30. Kh2 Bxb4 31. cxb4 Rxb4 32. Rc1 Qd7 33. Nc6 Rc8 34. Be7 Qxe7 35. Nxe7 Rxc1 36. Qxf7+ Kh6 37. Ng8+ Kg5 38. Qf6# 1-0